[Event "Women's Baku Chess Olympiad"]
[Site "chess24.com"]
[Date "2016.09.06"]
[Round "5"]
[White "Machlik, Edit"]
[Black "Mendis, Dasuni Hansika"]
[Result "1/2-1/2"]
[Board "3"]
[WhiteID "1513591"]
[WhiteElo "2056"]
[WhiteCountry "NOR"]
[WhiteFideId "1513591"]
[WhiteEloChange "-8"]
[BlackID "9907696"]
[BlackElo "1699"]
[BlackTitle "WCM"]
[BlackCountry "SRI"]
[BlackFideId "9907696"]
[BlackEloChange "8"]

1. d4 {[%clk 1:30:57]} Nf6 {[%clk 1:30:34]} 2. c4 {[%clk 1:31:22]} e6 {[%clk
1:30:57]} 3. Nc3 {[%clk 1:31:48]} Bb4 {[%clk 1:31:17]} 4. Qc2 {[%clk 1:31:52]}
O-O {[%clk 1:30:49]} 5. a3 {[%clk 1:31:52]} Bxc3+ {[%clk 1:31:13]} 6. Qxc3 {[%clk
1:32:19]} Ne4 {[%clk 1:31:34]} 7. Qc2 {[%clk 1:32:42]} f5 {[%clk 1:31:59]} 8. Nh3
{[%clk 1:32:05]} d6 {[%clk 1:32:22]} 9. f3 {[%clk 1:31:48]} Nf6 {[%clk 1:32:46]}
10. e3 {[%clk 1:31:37]} Nc6 {[%clk 1:28:22]} 11. Be2 {[%clk 1:26:06]} e5 {[%clk
1:28:18]} 12. dxe5 {[%clk 1:25:43]} dxe5 {[%clk 1:28:21]} 13. O-O {[%clk
1:22:23]} a5 {[%clk 1:24:25]} 14. b3 {[%clk 1:21:34]} Qe8 {[%clk 1:21:07]} 15.
Rd1 {[%clk 1:14:46]} Nh5 {[%clk 1:17:23]} 16. c5 {[%clk 1:09:39]} Kh8 {[%clk
1:06:21]} 17. Nf2 {[%clk 1:05:24]} Be6 {[%clk 0:58:24]} 18. Bc4 {[%clk 1:05:04]}
Qf7 {[%clk 0:55:42]} 19. Bxe6 {[%clk 1:05:16]} Qxe6 {[%clk 0:56:10]} 20. Bb2
{[%clk 1:03:48]} Rae8 {[%clk 0:51:09]} 21. Rd2 {[%clk 0:58:38]} Nf6 {[%clk
0:50:26]} 22. Rad1 {[%clk 0:56:42]} h6 {[%clk 0:49:40]} 23. Qc3 {[%clk 0:52:52]}
Re7 {[%clk 0:48:42]} 24. b4 {[%clk 0:50:32]} axb4 {[%clk 0:44:16]} 25. axb4
{[%clk 0:50:00]} Ree8 {[%clk 0:41:32]} 26. b5 {[%clk 0:45:00]} Nb8 {[%clk
0:29:06]} 27. Qa5 {[%clk 0:30:59]} Qe7 {[%clk 0:28:12]} 28. Nd3 {[%clk 0:24:51]}
e4 {[%clk 0:18:26]} 29. Ne5 {[%clk 0:21:09]} Kh7 {[%clk 0:18:07]} 30. f4 {[%clk
0:17:02]} Qxc5 {[%clk 0:06:45]} 31. Rd4 {[%clk 0:13:53]} Qb6 {[%clk 0:01:37]} 32.
Qxb6 {[%clk 0:12:24]} cxb6 {[%clk 0:02:05]} 33. Rd6 {[%clk 0:11:29]} Rc8 {[%clk
0:00:42]} 34. Rxb6 {[%clk 0:08:22]} Rc7 {[%clk 0:00:47]} 35. Ba3 {[%clk 0:06:07]}
Rfc8 {[%clk 0:00:40]} 36. Bd6 {[%clk 0:04:48]} Rc1 {[%clk 0:01:06]} 37. Rxc1
{[%clk 0:04:33]} Rxc1+ {[%clk 0:01:31]} 38. Kf2 {[%clk 0:05:01]} Nbd7 {[%clk
0:01:19]} 39. Nxd7 {[%clk 0:02:53]} Nxd7 {[%clk 0:01:48]} 40. Rxb7 {[%clk
0:33:05]} Nf6 {[%clk 0:31:50]} 41. Be5 {[%clk 0:17:37]} Ng4+ {[%clk 0:10:32]} 42.
Kg3 {[%clk 0:16:53]} Nxe5 {[%clk 0:10:44]} 43. fxe5 {[%clk 0:17:18]} Kg6 {[%clk
0:10:41]} 44. b6 {[%clk 0:10:06]} Rb1 {[%clk 0:10:34]} 45. h4 {[%clk 0:08:49]}
Rb2 {[%clk 0:02:44]} 46. Rd7 {[%clk 0:03:43]} Re2 {[%clk 0:01:16]} 47. b7 {[%clk
0:02:38]} Rxe3+ {[%clk 0:01:40]} 48. Kf2 {[%clk 0:02:29]} Rb3 {[%clk 0:02:03]}
49. h5+ {[%clk 0:01:38]} Kxh5 {[%clk 0:01:33]} 50. e6 {[%clk 0:01:44]} Kg6 {[%clk
0:00:33]} 51. e7 {[%clk 0:01:50]} Kf7 {[%clk 0:00:48]} 52. Rd8 {[%clk 0:01:38]}
Kxe7 {[%clk 0:01:06]} 53. b8Q {[%clk 0:02:05]} Rxb8 {[%clk 0:01:31]} 54. Rxb8
{[%clk 0:02:31]} Kf6 {[%clk 0:01:47]} 55. Kg3 {[%clk 0:01:04]} Kg5 {[%clk
0:01:35]} 56. Rb5 {[%clk 0:01:07]} g6 {[%clk 0:00:51]} 57. Ra5 {[%clk 0:01:06]}
1/2-1/2

[Event "Women's Baku Chess Olympiad"]
[Site "chess24.com"]
[Date "2016.09.06"]
[Round "5"]
[White "Geldiyeva, Mahri"]
[Black "Theissl Pokorna, Regina"]
[Result "1/2-1/2"]
[Board "1"]
[WhiteID "14000059"]
[WhiteElo "2285"]
[WhiteTitle "WGM"]
[WhiteCountry "TKM"]
[WhiteFideId "14000059"]
[WhiteEloChange "1"]
[BlackID "14902052"]
[BlackElo "2331"]
[BlackTitle "WGM"]
[BlackCountry "AUT"]
[BlackFideId "14902052"]
[BlackEloChange "-1"]

1. d4 {[%clk 1:30:55]} Nf6 {[%clk 1:30:55]} 2. Nf3 {[%clk 1:30:49]} e6 {[%clk
1:31:18]} 3. c4 {[%clk 1:29:23]} b6 {[%clk 1:31:34]} 4. g3 {[%clk 1:29:27]} Ba6
{[%clk 1:31:29]} 5. b3 {[%clk 1:27:26]} d5 {[%clk 1:30:04]} 6. cxd5 {[%clk
1:27:00]} exd5 {[%clk 1:30:23]} 7. Bg2 {[%clk 1:26:47]} Bb4+ {[%clk 1:30:04]} 8.
Bd2 {[%clk 1:26:24]} Be7 {[%clk 1:29:59]} 9. O-O {[%clk 1:24:50]} O-O {[%clk
1:29:43]} 10. Bc3 {[%clk 1:22:21]} Re8 {[%clk 1:13:58]} 11. Nbd2 {[%clk 1:15:36]}
Nbd7 {[%clk 1:12:05]} 12. Re1 {[%clk 1:14:30]} c5 {[%clk 0:58:16]} 13. Bb2 {[%clk
1:07:39]} Bd6 {[%clk 0:50:19]} 14. Nh4 {[%clk 0:58:42]} Rc8 {[%clk 0:50:12]} 15.
e4 {[%clk 0:53:14]} dxe4 {[%clk 0:34:02]} 16. Nxe4 {[%clk 0:52:36]} Nxe4 {[%clk
0:34:26]} 17. Rxe4 {[%clk 0:50:40]} Rxe4 {[%clk 0:29:52]} 18. Bxe4 {[%clk
0:51:01]} Nf6 {[%clk 0:30:18]} 19. Bf5 {[%clk 0:40:43]} Rb8 {[%clk 0:26:38]} 20.
dxc5 {[%clk 0:34:54]} Bxc5 {[%clk 0:27:02]} 21. Qc2 {[%clk 0:35:16]} Bb7 {[%clk
0:25:28]} 22. Rd1 {[%clk 0:26:39]} Qe7 {[%clk 0:24:53]} 23. h3 {[%clk 0:20:09]}
Rd8 {[%clk 0:20:26]} 24. Ng2 {[%clk 0:12:00]} Rxd1+ {[%clk 0:16:36]} 25. Qxd1
{[%clk 0:12:27]} Ne4 {[%clk 0:13:04]} 26. Kh2 {[%clk 0:07:15]} Bxf2 {[%clk
0:08:32]} 27. Bxe4 {[%clk 0:06:55]} Bxe4 {[%clk 0:08:56]} 28. Qg4 {[%clk
0:05:32]} f5 {[%clk 0:04:17]} 29. Qf4 {[%clk 0:04:09]} Bc5 {[%clk 0:02:55]} 30.
Qb8+ {[%clk 0:04:17]} Qf8 {[%clk 0:01:23]} 31. Qxa7 {[%clk 0:04:22]} h6 {[%clk
0:00:54]} 32. Qd7 {[%clk 0:04:39]} Qe7 {[%clk 0:00:46]} 33. Qd2 {[%clk 0:03:44]}
Kh7 {[%clk 0:00:39]} 34. h4 {[%clk 0:03:30]} Bb7 {[%clk 0:00:40]} 35. Qd3 {[%clk
0:02:59]} Qe4 {[%clk 0:00:43]} 36. Qxe4 {[%clk 0:02:45]} Bxe4 {[%clk 0:01:04]}
37. Nf4 {[%clk 0:03:14]} g5 {[%clk 0:00:50]} 38. hxg5 {[%clk 0:03:14]} hxg5
{[%clk 0:01:19]} 39. Ne6 {[%clk 0:03:43]} Be7 {[%clk 0:01:15]} 40. Bd4 {[%clk
0:32:30]} Bb1 {[%clk 0:30:41]} 41. a4 {[%clk 0:30:20]} Bc2 {[%clk 0:27:14]} 42.
Bxb6 {[%clk 0:30:25]} Bxb3 {[%clk 0:27:40]} 43. Nc5 {[%clk 0:30:42]} Bd5 {[%clk
0:24:26]} 44. a5 {[%clk 0:29:00]} Bd6 {[%clk 0:20:59]} 45. a6 {[%clk 0:28:25]} f4
{[%clk 0:14:45]} 46. gxf4 {[%clk 0:25:13]} Bxf4+ {[%clk 0:15:10]} 47. Kg1 {[%clk
0:23:20]} Be3+ {[%clk 0:15:35]} 48. Kh2 {[%clk 0:23:45]} Kg6 {[%clk 0:15:56]} 49.
Nd7 {[%clk 0:21:41]} Bf4+ {[%clk 0:16:19]} 50. Kg1 {[%clk 0:22:04]} Kf5 {[%clk
0:16:42]} 51. Bc5 {[%clk 0:21:53]} Bf3 {[%clk 0:13:37]} 52. a7 {[%clk 0:17:47]}
Kg4 {[%clk 0:12:30]} 53. Nb6 {[%clk 0:17:24]} Kh3 {[%clk 0:12:49]} 54. a8Q {[%clk
0:17:37]} Bh2+ {[%clk 0:13:05]} 55. Kf1 {[%clk 0:17:29]} Bxa8 {[%clk 0:13:32]}
56. Nxa8 {[%clk 0:17:51]} g4 {[%clk 0:13:59]} 57. Nb6 {[%clk 0:17:36]} g3 {[%clk
0:14:24]} 1/2-1/2

[Event "Women's Baku Chess Olympiad"]
[Site "chess24.com"]
[Date "2016.09.06"]
[Round "5"]
[White "Newrkla, Katharina"]
[Black "Ovezdurdiyeva, Jemal"]
[Result "0-1"]
[Board "2"]
[WhiteID "1621629"]
[WhiteElo "2214"]
[WhiteTitle "WIM"]
[WhiteCountry "AUT"]
[WhiteFideId "1621629"]
[WhiteEloChange "-15"]
[BlackID "14001888"]
[BlackElo "2031"]
[BlackTitle "WFM"]
[BlackCountry "TKM"]
[BlackFideId "14001888"]
[BlackEloChange "15"]

1. e4 {[%clk 1:30:57]} c5 {[%clk 1:30:54]} 2. Nf3 {[%clk 1:31:23]} d6 {[%clk
1:31:21]} 3. d4 {[%clk 1:31:49]} cxd4 {[%clk 1:31:47]} 4. Nxd4 {[%clk 1:32:15]}
Nf6 {[%clk 1:32:13]} 5. Nc3 {[%clk 1:32:40]} a6 {[%clk 1:32:40]} 6. Nb3 {[%clk
1:33:04]} e5 {[%clk 1:32:53]} 7. Bg5 {[%clk 1:33:20]} Be7 {[%clk 1:32:44]} 8. Qd2
{[%clk 1:27:38]} Be6 {[%clk 1:30:26]} 9. O-O-O {[%clk 1:22:16]} Nbd7 {[%clk
1:28:23]} 10. f3 {[%clk 1:10:45]} b5 {[%clk 1:26:49]} 11. h4 {[%clk 1:08:20]} h6
{[%clk 1:08:03]} 12. Be3 {[%clk 0:56:19]} b4 {[%clk 1:00:58]} 13. Nd5 {[%clk
0:55:43]} Bxd5 {[%clk 1:00:58]} 14. exd5 {[%clk 0:56:06]} Nb6 {[%clk 0:54:51]}
15. Na5 {[%clk 0:50:54]} Nbxd5 {[%clk 0:48:22]} 16. Nc6 {[%clk 0:50:58]} Qc7
{[%clk 0:44:35]} 17. Nxe7 {[%clk 0:38:08]} Nxe3 {[%clk 0:41:26]} 18. Qxe3 {[%clk
0:38:12]} Kxe7 {[%clk 0:41:42]} 19. g4 {[%clk 0:34:29]} Rhc8 {[%clk 0:33:58]} 20.
Rh2 {[%clk 0:32:43]} Qc5 {[%clk 0:28:06]} 21. Qd3 {[%clk 0:18:58]} a5 {[%clk
0:21:18]} 22. g5 {[%clk 0:12:48]} Nh5 {[%clk 0:19:26]} 23. Rhd2 {[%clk 0:09:51]}
Rc6 {[%clk 0:15:12]} 24. Qe4 {[%clk 0:09:02]} Ng3 {[%clk 0:13:16]} 25. Qd5 {[%clk
0:04:03]} Qxd5 {[%clk 0:12:02]} 26. Rxd5 {[%clk 0:04:32]} Nxf1 {[%clk 0:12:24]}
27. Rxf1 {[%clk 0:04:58]} a4 {[%clk 0:10:27]} 28. Kb1 {[%clk 0:03:48]} Rc4 {[%clk
0:07:10]} 29. gxh6 {[%clk 0:03:08]} gxh6 {[%clk 0:06:59]} 30. Rfd1 {[%clk
0:03:32]} Ra6 {[%clk 0:06:55]} 31. Rh1 {[%clk 0:03:28]} Ke6 {[%clk 0:06:21]} 32.
Rb5 {[%clk 0:03:44]} Rac6 {[%clk 0:05:12]} 33. Rh2 {[%clk 0:03:03]} Rd4 {[%clk
0:04:33]} 34. Kc1 {[%clk 0:02:36]} Rc5 {[%clk 0:04:07]} 35. Rb8 {[%clk 0:02:41]}
Kf5 {[%clk 0:03:32]} 36. Rh8 {[%clk 0:01:55]} Rcd5 {[%clk 0:03:16]} 37. Rh1
{[%clk 0:01:47]} b3 {[%clk 0:02:45]} 38. axb3 {[%clk 0:02:05]} axb3 {[%clk
0:02:54]} 39. cxb3 {[%clk 0:02:13]} Rd3 {[%clk 0:02:36]} 40. Rxh6 {[%clk
0:30:55]} Rxf3 {[%clk 0:33:04]} 41. Rh8 {[%clk 0:20:34]} Rc5+ {[%clk 0:22:25]}
42. Kb1 {[%clk 0:20:11]} e4 {[%clk 0:19:55]} 43. Rg8 {[%clk 0:14:47]} e3 {[%clk
0:16:42]} 44. h5 {[%clk 0:14:28]} e2 {[%clk 0:12:38]} 45. Rgg1 {[%clk 0:14:51]}
Ke4 {[%clk 0:12:43]} 46. Re1 {[%clk 0:13:33]} Kd3 {[%clk 0:12:18]} 47. h6 {[%clk
0:13:24]} Rc8 {[%clk 0:12:14]} 48. h7 {[%clk 0:10:38]} Kd2 {[%clk 0:11:19]} 49.
h8Q {[%clk 0:05:11]} Rxh8 {[%clk 0:11:34]} 50. Rxe2+ {[%clk 0:05:32]} Kxe2 {[%clk
0:11:54]} 51. Rxh8 {[%clk 0:05:58]} f5 {[%clk 0:11:51]} 52. Kc2 {[%clk 0:06:05]}
f4 {[%clk 0:11:33]} 53. Rf8 {[%clk 0:02:26]} d5 {[%clk 0:11:12]} 54. Rd8 {[%clk
0:02:19]} Rd3 {[%clk 0:09:19]} 55. Rh8 {[%clk 0:01:03]} f3 {[%clk 0:08:23]} 56.
Rh2+ {[%clk 0:00:46]} Ke3 {[%clk 0:08:51]} 57. Rh3 {[%clk 0:00:34]} Rd2+ {[%clk
0:09:11]} 58. Kc1 {[%clk 0:00:43]} Rd4 {[%clk 0:09:36]} 0-1

[Event "Women's Baku Chess Olympiad"]
[Site "chess24.com"]
[Date "2016.09.06"]
[Round "5"]
[White "Khan, Nazrana"]
[Black "Partac, Elena"]
[Result "*"]
[Board "3"]
[WhiteID "10201734"]
[WhiteElo "1965"]
[WhiteTitle "WFM"]
[WhiteCountry "BAN"]
[WhiteFideId "10201734"]
[BlackID "13901001"]
[BlackElo "2086"]
[BlackTitle "WGM"]
[BlackCountry "MDA"]
[BlackFideId "13901001"]

1. d4 {[%clk 1:30:58]} Nf6 {[%clk 1:30:52]} 2. c4 {[%clk 1:31:20]} e6 {[%clk
1:31:19]} 3. Nf3 {[%clk 1:31:44]} Bb4+ {[%clk 1:31:45]} 4. Bd2 {[%clk 1:31:58]}
Qe7 {[%clk 1:32:04]} 5. g3 {[%clk 1:32:14]} Nc6 {[%clk 1:31:57]} 6. Bg2 {[%clk
1:31:41]} Bxd2+ {[%clk 1:31:41]} 7. Nbxd2 {[%clk 1:31:08]} d6 {[%clk 1:32:07]} 8.
O-O {[%clk 1:30:50]} O-O {[%clk 1:31:58]} 9. e4 {[%clk 1:27:03]} e5 {[%clk
1:30:53]} 10. d5 {[%clk 1:26:49]} Nb8 {[%clk 1:31:05]} 11. b4 {[%clk 1:25:35]} a5
{[%clk 1:25:51]} 12. a3 {[%clk 1:24:01]} Na6 {[%clk 1:23:50]} 13. Qb3 {[%clk
1:19:07]} Bd7 {[%clk 1:21:40]} 14. Rfc1 {[%clk 1:07:16]} Rfc8 {[%clk 1:08:38]}
15. Ne1 {[%clk 1:04:04]} c6 {[%clk 0:57:12]} 16. Nd3 {[%clk 1:00:46]} axb4 {[%clk
0:53:08]} 17. axb4 {[%clk 1:00:07]} cxd5 {[%clk 0:48:14]} 18. cxd5 {[%clk
0:55:17]} Bb5 {[%clk 0:47:42]} 19. Nb2 {[%clk 0:47:52]} Rc7 {[%clk 0:36:14]} 20.
Bh3 {[%clk 0:45:17]} Qd8 {[%clk 0:30:25]} 21. Nbc4 {[%clk 0:37:58]} g6 {[%clk
0:27:23]} 22. Rc3 {[%clk 0:31:41]} Kg7 {[%clk 0:21:30]} 23. Rac1 {[%clk 0:31:11]}
h5 {[%clk 0:19:26]} 24. f3 {[%clk 0:25:03]} h4 {[%clk 0:11:53]} 25. Kg2 {[%clk
0:22:02]} Nh5 {[%clk 0:07:08]} 26. Bg4 {[%clk 0:17:47]} Nf6 {[%clk 0:05:32]} 27.
Bh3 {[%clk 0:16:47]} Nh5 {[%clk 0:05:24]} 28. Bg4 {[%clk 0:16:25]} Nf6 {[%clk
0:05:13]} *

[Event "Women's Baku Chess Olympiad"]
[Site "chess24.com"]
[Date "2016.09.06"]
[Round "5"]
[White "Gitu, Paula-Alexandra"]
[Black "Hamid, Rani"]
[Result "1-0"]
[Board "4"]
[WhiteID "13904620"]
[WhiteElo "1892"]
[WhiteTitle "WFM"]
[WhiteCountry "MDA"]
[WhiteFideId "13904620"]
[WhiteEloChange "13"]
[BlackID "10200096"]
[BlackElo "1993"]
[BlackTitle "WIM"]
[BlackCountry "BAN"]
[BlackFideId "10200096"]
[BlackEloChange "-13"]

1. e4 {[%clk 1:30:58]} c5 {[%clk 1:30:53]} 2. Nf3 {[%clk 1:31:25]} e6 {[%clk
1:31:14]} 3. c3 {[%clk 1:31:48]} d5 {[%clk 1:31:09]} 4. exd5 {[%clk 1:32:13]}
Qxd5 {[%clk 1:31:25]} 5. Na3 {[%clk 1:32:26]} Nf6 {[%clk 1:30:55]} 6. d4 {[%clk
1:32:22]} cxd4 {[%clk 1:30:28]} 7. Nb5 {[%clk 1:32:26]} Na6 {[%clk 1:28:24]} 8.
Qxd4 {[%clk 1:30:23]} Bc5 {[%clk 1:23:34]} 9. Qxd5 {[%clk 1:28:22]} Nxd5 {[%clk
1:17:09]} 10. Bc4 {[%clk 1:25:31]} O-O {[%clk 1:15:56]} 11. O-O {[%clk 1:08:50]}
h6 {[%clk 1:14:16]} 12. Rd1 {[%clk 0:52:18]} Nf6 {[%clk 1:11:24]} 13. Nbd4 {[%clk
0:27:19]} Nc7 {[%clk 1:10:51]} 14. Nb3 {[%clk 0:23:48]} Bb6 {[%clk 1:07:35]} 15.
Bf4 {[%clk 0:22:59]} Ncd5 {[%clk 1:06:59]} 16. Bxd5 {[%clk 0:22:27]} Nxd5 {[%clk
1:06:41]} 17. Bd6 {[%clk 0:22:28]} Rd8 {[%clk 1:04:53]} 18. Bc5 {[%clk 0:22:26]}
Bxc5 {[%clk 1:02:59]} 19. Nxc5 {[%clk 0:21:13]} b6 {[%clk 1:03:17]} 20. Nb3
{[%clk 0:21:26]} Ba6 {[%clk 1:02:53]} 21. Nbd4 {[%clk 0:19:32]} Rac8 {[%clk
1:02:59]} 22. Rd2 {[%clk 0:18:41]} Nf6 {[%clk 1:00:55]} 23. Ne5 {[%clk 0:12:16]}
Rd5 {[%clk 1:00:34]} 24. Ndf3 {[%clk 0:08:55]} Rxd2 {[%clk 0:57:44]} 25. Nxd2
{[%clk 0:09:21]} Rc5 {[%clk 0:53:31]} 26. Re1 {[%clk 0:07:20]} Bb7 {[%clk
0:46:56]} 27. f3 {[%clk 0:05:14]} Rd5 {[%clk 0:40:55]} 28. Nb3 {[%clk 0:04:22]}
Nd7 {[%clk 0:40:55]} 29. Nxd7 {[%clk 0:03:23]} Rxd7 {[%clk 0:38:54]} 30. Kf2
{[%clk 0:03:21]} Bd5 {[%clk 0:37:34]} 31. Rd1 {[%clk 0:02:56]} Rc7 {[%clk
0:37:47]} 32. Ke3 {[%clk 0:02:02]} a5 {[%clk 0:36:27]} 33. Rd4 {[%clk 0:00:43]}
Kf8 {[%clk 0:36:10]} 34. Kd2 {[%clk 0:00:46]} Ke7 {[%clk 0:34:53]} 35. Nc1 {[%clk
0:00:47]} Rd7 {[%clk 0:32:11]} 36. b3 {[%clk 0:00:40]} e5 {[%clk 0:31:16]} 37.
Rd3 {[%clk 0:00:59]} b5 {[%clk 0:31:08]} 38. Ne2 {[%clk 0:00:48]} f5 {[%clk
0:27:25]} 39. Ng3 {[%clk 0:01:01]} g6 {[%clk 0:27:34]} 40. h4 {[%clk 0:30:51]} h5
{[%clk 0:57:54]} 41. Nf1 {[%clk 0:26:40]} f4 {[%clk 0:56:48]} 42. Ke2 {[%clk
0:22:07]} a4 {[%clk 0:56:23]} 43. Nd2 {[%clk 0:22:26]} axb3 {[%clk 0:52:09]} 44.
axb3 {[%clk 0:22:56]} Ke6 {[%clk 0:51:58]} 45. c4 {[%clk 0:21:11]} bxc4 {[%clk
0:50:33]} 46. bxc4 {[%clk 0:21:30]} Bc6 {[%clk 0:50:36]} 47. Rxd7 {[%clk
0:21:15]} Kxd7 {[%clk 0:49:47]} 48. Kd3 {[%clk 0:20:32]} Ke6 {[%clk 0:47:13]} 49.
Kc3 {[%clk 0:16:07]} Kf5 {[%clk 0:47:03]} 50. Kb4 {[%clk 0:16:14]} g5 {[%clk
0:46:13]} 51. Kc5 {[%clk 0:12:20]} Ba8 {[%clk 0:46:32]} 52. hxg5 {[%clk 0:12:20]}
Kxg5 {[%clk 0:46:52]} 53. Kd6 {[%clk 0:12:57]} Kf5 {[%clk 0:46:54]} 54. c5 {[%clk
0:13:18]} h4 {[%clk 0:45:25]} 55. c6 {[%clk 0:13:02]} Kf6 {[%clk 0:45:16]} 56.
Ne4+ {[%clk 0:13:11]} Kf5 {[%clk 0:45:30]} 57. c7 {[%clk 0:13:08]} Bb7 {[%clk
0:45:53]} 58. Kd7 {[%clk 0:13:10]} h3 {[%clk 0:44:23]} 59. gxh3 {[%clk 0:13:24]}
Bxe4 {[%clk 0:44:43]} 60. fxe4+ {[%clk 0:13:52]} Kxe4 {[%clk 0:45:11]} 61. c8Q
{[%clk 0:14:14]} f3 {[%clk 0:45:36]} 62. Qc4+ {[%clk 0:13:27]} Ke3 {[%clk
0:46:00]} 63. Ke6 {[%clk 0:13:43]} f2 {[%clk 0:45:12]} 64. Kxe5 {[%clk 0:14:07]}
Kf3 {[%clk 0:45:37]} 65. Qf4+ {[%clk 0:14:10]} Kg2 {[%clk 0:46:04]} 66. h4 {[%clk
0:14:31]} 1-0

[Event "Women's Baku Chess Olympiad"]
[Site "chess24.com"]
[Date "2016.09.06"]
[Round "5"]
[White "Mahmutbegovic, Nadina"]
[Black "Hernandez Resto, Aracelys"]
[Result "*"]
[Board "4"]
[WhiteID "14401550"]
[WhiteElo "1908"]
[WhiteCountry "BIH"]
[WhiteFideId "14401550"]
[BlackID "3105369"]
[BlackElo "1314"]
[BlackCountry "PUR"]
[BlackFideId "3105369"]

1. e4 {[%clk 1:30:57]} e6 {[%clk 1:30:52]} 2. d4 {[%clk 1:31:20]} d5 {[%clk
1:31:16]} 3. exd5 {[%clk 1:31:37]} exd5 {[%clk 1:31:33]} 4. Bd3 {[%clk 1:31:58]}
Bd6 {[%clk 1:31:24]} 5. Nf3 {[%clk 1:32:20]} Nf6 {[%clk 1:31:14]} 6. O-O {[%clk
1:32:37]} O-O {[%clk 1:31:24]} 7. Bg5 {[%clk 1:31:45]} Bg4 {[%clk 1:26:44]} 8.
Nbd2 {[%clk 1:31:02]} Nbd7 {[%clk 1:26:18]} 9. c3 {[%clk 1:31:10]} Bh5 {[%clk
1:20:12]} 10. Re1 {[%clk 1:25:27]} c6 {[%clk 1:15:30]} 11. Qc2 {[%clk 1:25:09]}
Bg6 {[%clk 1:12:22]} 12. Ne5 {[%clk 1:23:11]} Bxd3 {[%clk 1:05:23]} 13. Qxd3
{[%clk 1:23:25]} Qc7 {[%clk 1:05:13]} 14. Bxf6 {[%clk 1:15:07]} Nxf6 {[%clk
1:04:46]} 15. Qf5 {[%clk 1:03:24]} Rad8 {[%clk 0:56:35]} 16. Re3 {[%clk 0:50:25]}
Qc8 {[%clk 0:42:48]} 17. Qd3 {[%clk 0:49:24]} c5 {[%clk 0:40:20]} 18. Rh3 {[%clk
0:42:56]} c4 {[%clk 0:38:50]} 19. Qc2 {[%clk 0:31:33]} Rfe8 {[%clk 0:37:00]} 20.
Re1 {[%clk 0:27:16]} g6 {[%clk 0:36:35]} 21. Ndf3 {[%clk 0:21:57]} Ng4 {[%clk
0:30:22]} 22. Qd2 {[%clk 0:18:42]} Bf8 {[%clk 0:22:38]} 23. Qf4 {[%clk 0:15:13]}
f5 {[%clk 0:20:07]} 24. Ng5 {[%clk 0:12:49]} Nf6 {[%clk 0:14:30]} 25. Qh4 {[%clk
0:11:37]} h5 {[%clk 0:13:28]} 26. Ngf7 {[%clk 0:11:42]} Rd7 {[%clk 0:11:40]} 27.
Qxf6 {[%clk 0:11:06]} Bg7 {[%clk 0:11:39]} 28. Qxg6 {[%clk 0:10:40]} Rxf7 {[%clk
0:11:47]} 29. Qxf7+ {[%clk 0:11:02]} *

[Event "Women's Baku Chess Olympiad"]
[Site "chess24.com"]
[Date "2016.09.06"]
[Round "5"]
[White "Sherif, Amina"]
[Black "Mazariegos, Silvia Carolina"]
[Result "1-0"]
[Board "3"]
[WhiteID "12911690"]
[WhiteElo "2028"]
[WhiteTitle "WIM"]
[WhiteCountry "EGY"]
[WhiteFideId "12911690"]
[WhiteEloChange "8"]
[BlackID "7300115"]
[BlackElo "1942"]
[BlackTitle "WIM"]
[BlackCountry "GUA"]
[BlackFideId "7300115"]
[BlackEloChange "-8"]

1. d4 {[%clk 1:30:56]} d6 {[%clk 1:30:22]} 2. Nf3 {[%clk 1:31:17]} Nc6 {[%clk
1:30:21]} 3. Bf4 {[%clk 1:31:26]} g6 {[%clk 1:28:36]} 4. e3 {[%clk 1:31:41]} Bg7
{[%clk 1:28:40]} 5. c3 {[%clk 1:31:08]} Nf6 {[%clk 1:27:43]} 6. h3 {[%clk
1:31:15]} O-O {[%clk 1:27:18]} 7. Be2 {[%clk 1:31:33]} Re8 {[%clk 1:27:03]} 8.
O-O {[%clk 1:29:51]} Bf5 {[%clk 1:04:07]} 9. Bh2 {[%clk 1:27:26]} e5 {[%clk
0:51:04]} 10. a4 {[%clk 1:24:55]} e4 {[%clk 0:44:53]} 11. Nfd2 {[%clk 1:20:54]}
h5 {[%clk 0:45:06]} 12. c4 {[%clk 1:12:54]} Bh6 {[%clk 0:35:08]} 13. Nc3 {[%clk
1:01:37]} Nb4 {[%clk 0:12:44]} 14. a5 {[%clk 0:47:55]} Qd7 {[%clk 0:12:07]} 15.
Nb3 {[%clk 0:43:11]} c6 {[%clk 0:10:04]} 16. Qd2 {[%clk 0:17:17]} Na6 {[%clk
0:08:00]} 17. Rfb1 {[%clk 0:09:40]} Nc7 {[%clk 0:07:41]} 18. Nc1 {[%clk 0:07:34]}
Rad8 {[%clk 0:07:05]} 19. b4 {[%clk 0:07:28]} h4 {[%clk 0:05:28]} 20. b5 {[%clk
0:06:30]} Ne6 {[%clk 0:01:07]} 21. a6 {[%clk 0:02:49]} cxb5 {[%clk 0:00:59]} 22.
axb7 {[%clk 0:01:14]} Ng5 {[%clk 0:01:16]} 23. Rxa7 {[%clk 0:01:08]} Rb8 {[%clk
0:01:30]} 24. Nxb5 {[%clk 0:01:07]} Bf8 {[%clk 0:01:52]} 25. Nc3 {[%clk 0:01:08]}
Bxh3 {[%clk 0:02:06]} 26. gxh3 {[%clk 0:00:55]} Qxh3 {[%clk 0:02:35]} 27. Qd1
{[%clk 0:00:56]} Nf3+ {[%clk 0:02:13]} 28. Bxf3 {[%clk 0:01:21]} exf3 {[%clk
0:02:37]} 29. Qf1 {[%clk 0:01:41]} Qg4+ {[%clk 0:02:25]} 30. Kh1 {[%clk 0:02:10]}
Qf5 {[%clk 0:02:02]} 31. Nd3 {[%clk 0:01:59]} Ng4 {[%clk 0:01:54]} 32. Nf4 {[%clk
0:01:09]} Bh6 {[%clk 0:02:05]} 33. Rb5 {[%clk 0:00:54]} Qc2 {[%clk 0:02:23]} 34.
Nd1 {[%clk 0:00:55]} Qxd1 {[%clk 0:02:19]} 35. Qxd1 {[%clk 0:00:55]} Nxf2+ {[%clk
0:02:47]} 36. Kg1 {[%clk 0:01:24]} Nxd1 {[%clk 0:03:07]} 37. Nd5 {[%clk 0:00:39]}
Nxe3 {[%clk 0:01:48]} 38. Nf6+ {[%clk 0:00:54]} Kg7 {[%clk 0:01:58]} 39. Nxe8+
{[%clk 0:03:45]} Rxe8 {[%clk 0:01:49]} 40. b8Q {[%clk 0:33:49]} Rxb8 {[%clk
0:31:30]} 41. Rxb8 {[%clk 0:34:02]} Nxc4 {[%clk 0:31:49]} 42. Kf2 {[%clk
0:31:55]} Be3+ {[%clk 0:21:03]} 43. Kxf3 {[%clk 0:32:04]} Bxd4 {[%clk 0:21:27]}
44. Ra4 {[%clk 0:25:45]} Ne5+ {[%clk 0:19:56]} 45. Kg2 {[%clk 0:21:30]} Bc5
{[%clk 0:17:48]} 46. Rxh4 {[%clk 0:21:01]} g5 {[%clk 0:15:16]} 47. Ra4 {[%clk
0:13:34]} f5 {[%clk 0:14:44]} 48. Rc8 {[%clk 0:09:06]} f4 {[%clk 0:10:18]} 49.
Re4 {[%clk 0:06:15]} Kf6 {[%clk 0:09:51]} 50. Rf8+ {[%clk 0:05:47]} Ke6 {[%clk
0:09:49]} 51. Bg1 {[%clk 0:03:50]} Kd5 {[%clk 0:08:52]} 52. Ra4 {[%clk 0:03:42]}
f3+ {[%clk 0:08:07]} 53. Kf1 {[%clk 0:03:10]} g4 {[%clk 0:08:06]} 54. Bxc5 {[%clk
0:03:08]} dxc5 {[%clk 0:08:25]} 55. Rd8+ {[%clk 0:03:18]} Ke6 {[%clk 0:06:47]}
56. Re8+ {[%clk 0:01:54]} Kd5 {[%clk 0:07:04]} 57. Rf4 {[%clk 0:01:23]} Nc4
{[%clk 0:04:27]} 58. Rd8+ {[%clk 0:01:36]} Nd6 {[%clk 0:04:42]} 59. Rf6 {[%clk
0:01:52]} 1-0